| 000 | 00995nam a2200265 i 4500 | ||
|---|---|---|---|
| 001 | 18671 | ||
| 003 | ES-MaACL | ||
| 005 | 20250827062543.0 | ||
| 007 | t| | ||
| 008 | 020227s2001 sp ||||1| spa d | ||
| 020 | _a84-7476-316-9 | ||
| 080 | _a316.444-055.2(460) | ||
| 100 | 1 |
_aSalido Cortés, Olga. _9101921 |
|
| 245 | 1 | 3 |
_aLa movilidad ocupacional de las mujeres en España _b: por una sociología de la movilidad femenina / _cOlga Salido Cortés. |
| 250 | _a1ª ed. | ||
| 260 |
_aMadrid : _bCentro de Investigaciones Sociológicas : _bSiglo XXI de España, _c2001. |
||
| 300 |
_aXXVII, 333 p. ; _c21 cm. |
||
| 490 | 1 |
_aMonografías ; _v182 |
|
| 650 | 1 | 4 |
_aMujeres- _zEspaña- _xMovilidad social. _915277 |
| 650 | 1 | 4 |
_aMovilidad social- _zEspaña. _915206 |
| 710 | 2 |
_aCentro de Investigaciones Sociológicas (España) _92708 |
|
| 830 | 0 | 0 |
_aMonografías (Centro de Estudios Benaventanos "Ledo del Pozo") _v182 _9177262 |
| 852 |
_aES-MaACL _jL-25244 _bR.130394 |
||
| 999 |
_c18671 _d18671 |
||